| 000 | 00524nam a2200169Ia 4500 | ||
|---|---|---|---|
| 008 | 151213s9999 xx 000 0 und d | ||
| 020 | _a978007110113-4 | ||
| 100 | _aRay H. Garrison ,. Eric W. Noreen & Peter C. Brwer | ||
| 245 |
_aManagerial Accounting _cRay H. Garrison ,. Eric W. Noreen & Peter C. Brwer |
||
| 250 | _a12th | ||
| 260 |
_aBoston _bMc Graw Hill _c2008 |
||
| 300 | _a5442 p. | ||
| 650 | _aAccounting | ||
| 650 | _aAccounting | ||
| 700 | _aRay H. Garrison ,. Eric W. Noreen & Peter C. Brwer | ||
| 999 |
_c3283 _d3283 |
||